Genetics / (Record no. 716)
[ view plain ]
| 000 -LEADER | |
|---|---|
| fixed length control field | 00831nam a22002417a 4500 |
| 005 - DATE AND TIME OF LATEST TRANSACTION | |
| control field | 20230703144414.0 |
| 020 ## - INTERNATIONAL STANDARD BOOK NUMBER | |
| International Standard Book Number | 9780531227794 |
| 040 ## - CATALOGING SOURCE | |
| Original cataloging agency | FISKH |
| Language of cataloging | eng |
| Transcribing agency | FISKH |
| Modifying agency | FISKH |
| 050 ## - LIBRARY OF CONGRESS CALL NUMBER | |
| Classification number | QH437.T396 |
| 082 ## - DEWEY DECIMAL CLASSIFICATION NUMBER | |
| Classification number | 572.8 |
| 100 ## - MAIN ENTRY--PERSONAL NAME | |
| Personal name | Taylor-Bulter, Christine |
| 245 ## - TITLE STATEMENT | |
| Title | Genetics / |
| Remainder of title | Recent studies have found tiny genetic differences between identical twins |
| 260 ## - PUBLICATION, DISTRIBUTION, ETC. | |
| Place of publication, distribution, etc. | New York : |
| Name of publisher, distributor, etc. | Scholastic , |
| Date of publication, distribution, etc. | 2017. |
| 300 ## - PHYSICAL DESCRIPTION | |
| Extent | 48 pages : |
| Other physical details | color illustrations, |
| Dimensions | 22 cm. |
| 490 ## - SERIES STATEMENT | |
| Materials specified | A true book |
| 505 ## - FORMATTED CONTENTS NOTE | |
| Formatted contents note | X <br/> |
| 520 ## - SUMMARY, ETC. | |
| Summary, etc. | "Learn all about the history of genetics research, from how scientists began studying genes to how their discoveries affect our lives today." |
| 521 ## - TARGET AUDIENCE NOTE | |
| Target audience note | 900 <br/> |
| Source | Lexile <br/> |
| 521 ## - TARGET AUDIENCE NOTE | |
| Target audience note | X <br/> |
| Source | Raz-Plus <br/> |
| 942 ## - ADDED ENTRY ELEMENTS (KOHA) | |
| Source of classification or shelving scheme | Dewey Decimal Classification |
| Koha item type | Books |
| Suppress in OPAC | No |
| 999 ## - | |
| -- | 716 |
| -- | 716 |
| Withdrawn status | Lost status | Source of classification or shelving scheme | Damaged status | Not for loan | Collection | Home library | Current library | Shelving location | Date acquired | Total Checkouts | Full call number | Barcode | Date last seen | Date last checked out | Price effective from | Koha item type |
|---|---|---|---|---|---|---|---|---|---|---|---|---|---|---|---|---|
| Dewey Decimal Classification | Non-Fiction | Footprints International School Library Network Toul Kork Campus | Footprints International School Library Network Toul Kork Campus | A TK Campus, 4th Floor, Room B401, Non-Fiction Bookcases(7-8) | 07/03/2023 | 1 | TAY 572.8 QH437.T396 | FISTK05564 | 03/20/2024 | 03/06/2024 | 07/03/2023 | Books |
